[Event "Ruhrgebiet Bezirksliga 17/18"]
[Site "Ruhrgebiet"]
[Date "2018.04.08"]
[Round "9.1"]
[White "Schlierkamp, Ferdinand"]
[Black "Spaeh, Jan Lukas"]
[Result "1/2-1/2"]
[WhiteElo "2023"]
[BlackElo "1778"]
[PlyCount "74"]
[EventDate "2017.09.03"]
[EventType "team-tourn"]
[EventRounds "9"]
[EventCountry "GER"]
[SourceTitle "EXT 2022"]
[Source "ChessBase"]
[SourceDate "2021.10.06"]
[SourceVersion "1"]
[SourceVersionDate "2021.10.06"]
[SourceQuality "1"]
[WhiteTeam "Werne SK"]
[BlackTeam "Kamen SV III"]
[WhiteTeamCountry "GER"]
[BlackTeamCountry "GER"]

1. e4 e6 2. d4 d5 3. Nd2 c5 4. Ngf3 cxd4 5. exd5 exd5 6. Nxd4 Bc5 7. N2f3 Nf6 8. Be2 0-0 9. 0-0 Ne4 10. c3 Nc6 11. Be3 Ne7 12. Qb3 Be6 13. Rad1 Qb6 14. Rfe1 Rfd8 15. Bf1 h6 16. Qxb6 axb6 17. a3 Bg4 18. h3 Bd7 19. Nb5 Bxe3 20. Rxe3 Bxb5 21. Bxb5 Nf5 22. Ree1 Nf6 23. Bd3 Nd6 24. Nd4 Kf8 25. f3 Re8 26. Kf2 Rxe1 27. Rxe1 Re8 28. Rxe8+ Kxe8 29. Nf5 Nxf5 30. Bxf5 Kd8 31. Ke3 g6 32. Bc2 Ke7 33. g4 Kd6 34. f4 g5 35. Bf5 Ne8 36. Bd3 Nc7 37. f5 Ke5 1/2-1/2

[Event "Ruhrgebiet Bezirksliga 17/18"]
[Site "Ruhrgebiet"]
[Date "2018.02.18"]
[Round "7.1"]
[White "Schlierkamp, Ferdinand"]
[Black "Lampe, Thomas"]
[Result "1/2-1/2"]
[WhiteElo "2023"]
[BlackElo "1968"]
[PlyCount "44"]
[EventDate "2017.09.03"]
[EventType "team-tourn"]
[EventRounds "9"]
[EventCountry "GER"]
[SourceTitle "EXT 2022"]
[Source "ChessBase"]
[SourceDate "2021.10.06"]
[SourceVersion "1"]
[SourceVersionDate "2021.10.06"]
[SourceQuality "1"]
[WhiteTeam "Werne SK"]
[BlackTeam "Werl Wickede SG"]
[WhiteTeamCountry "GER"]
[BlackTeamCountry "GER"]

1. e4 c5 2. Nc3 Nc6 3. Nf3 e5 4. Bc4 g6 5. d3 Bg7 6. Ng5 Nh6 7. f4 d6 8. h3 Bd7 9. 0-0 0-0 10. Be3 exf4 11. Bxf4 Ne5 12. Bd5 Bc6 13. Qd2 Bxd5 14. Nxd5 Kh8 15. Nf3 Ng8 16. Nxe5 dxe5 17. Be3 b6 18. Rf3 f5 19. b4 f4 20. Bf2 cxb4 21. Qxb4 Nf6 22. c4 g5 1/2-1/2

[Event "Ruhrgebiet Bezirksliga 17/18"]
[Site "Ruhrgebiet"]
[Date "2017.10.15"]
[Round "3.1"]
[White "Schlierkamp, Ferdinand"]
[Black "Preikschas, Norbert"]
[Result "1-0"]
[WhiteElo "2023"]
[BlackElo "1751"]
[PlyCount "41"]
[EventDate "2017.09.03"]
[EventType "team-tourn"]
[EventRounds "9"]
[EventCountry "GER"]
[SourceTitle "EXT 2022"]
[Source "ChessBase"]
[SourceDate "2021.10.06"]
[SourceVersion "1"]
[SourceVersionDate "2021.10.06"]
[SourceQuality "1"]
[WhiteTeam "Werne SK"]
[BlackTeam "Hamm Koenigsspringer II"]
[WhiteTeamCountry "GER"]
[BlackTeamCountry "GER"]

1. e4 e5 2. f4 Bc5 3. Nf3 d6 4. c3 Nf6 5. d4 exd4 6. cxd4 Bb6 7. Nc3 Bg4 8. Bb5+ c6 9. Be2 Ba5 10. Nd2 Bxe2 11. Qxe2 0-0 12. 0-0 c5 13. d5 Nbd7 14. Nb5 Qe7 15. Nc4 Bb6 16. Nbxd6 Nxd5 17. Nf5 Qe6 18. Qg4 g6 19. Nh6+ Kg7 20. f5 Qf6 21. exd5 1-0

[Event "Ruhrgebiet Bezirksliga 16/17"]
[Site "Ruhrgebiet"]
[Date "2017.03.05"]
[Round "9.2"]
[White "Schlierkamp, Ferdinand"]
[Black "Schwarzkopf, Christian"]
[Result "0-1"]
[WhiteElo "2006"]
[BlackElo "2039"]
[PlyCount "74"]
[EventDate "2016.08.28"]
[EventType "team-tourn"]
[EventRounds "11"]
[EventCountry "GER"]
[SourceTitle "EXT 2022"]
[Source "ChessBase"]
[SourceDate "2021.10.06"]
[SourceVersion "1"]
[SourceVersionDate "2021.10.06"]
[SourceQuality "1"]
[WhiteTeam "Werne SK"]
[BlackTeam "Wickede SK"]
[WhiteTeamCountry "GER"]
[BlackTeamCountry "GER"]

1. e4 e5 2. Nf3 Nc6 3. Bb5 Nge7 4. Nc3 g6 5. d4 exd4 6. Nd5 Bg7 7. Bg5 h6 8. Bf6 Bxf6 9. Nxf6+ Kf8 10. Qd2 d6 11. Nxd4 Nf5 12. Nxc6 Qxf6 13. exf5 bxc6 14. Bxc6 Qe5+ 15. Qe2 Qxe2+ 16. Kxe2 Rb8 17. f6 Be6 18. b3 Rb6 19. Bf3 g5 20. Bh5 Rb5 21. g4 Ke8 22. f4 gxf4 23. Rhf1 Kd7 24. Rxf4 Re8 25. Kd3 Re5 26. c4 a5 27. Raf1 c5 28. R1f2 Kc7 29. h3 Kd7 30. Rd2 Kc7 31. Kc3 Kc6 32. Rf3 Rd8 33. Rfd3 Rd7 34. Rg3 Rd8 35. Rf2 Rg8 36. Kd3 Rxh5 37. Re3 Rhg5 0-1

[Event "Ruhrgebiet Bezirksliga 16/17"]
[Site "Ruhrgebiet"]
[Date "2016.08.28"]
[Round "1.2"]
[White "Lankers, Marcus"]
[Black "Schlierkamp, Ferdinand"]
[Result "0-1"]
[WhiteElo "1752"]
[BlackElo "2006"]
[PlyCount "42"]
[EventDate "2016.08.28"]
[EventType "team-tourn"]
[EventRounds "11"]
[EventCountry "GER"]
[SourceTitle "EXT 2022"]
[Source "ChessBase"]
[SourceDate "2021.10.06"]
[SourceVersion "1"]
[SourceVersionDate "2021.10.06"]
[SourceQuality "1"]
[WhiteTeam "Hamm SG Caissa"]
[BlackTeam "Werne SK"]
[WhiteTeamCountry "GER"]
[BlackTeamCountry "GER"]

1. c4 e5 2. g3 Nf6 3. Bg2 d5 4. Nc3 d4 5. Ne4 Nxe4 6. Bxe4 Be7 7. Bg2 c5 8. d3 0-0 9. e4 dxe3 10. Bxe3 Nc6 11. a3 Bf5 12. Be4 Be6 13. Ne2 Qd7 14. Qc2 Rad8 15. 0-0-0 Nd4 16. Nxd4 cxd4 17. Bd2 b5 18. Kb1 f5 19. Bg2 bxc4 20. dxc4 Rc8 21. Rc1 Rxc4 0-1

[Event "GER-chA Seniors 28th"]
[Site "Niederhausen"]
[Date "2016.08.20"]
[Round "8"]
[White "Kahn, Peter"]
[Black "Schlierkamp, Ferdinand"]
[Result "0-1"]
[WhiteElo "2093"]
[BlackElo "2168"]
[PlyCount "68"]
[EventDate "2016.08.13"]
[EventType "swiss"]
[EventRounds "9"]
[EventCountry "GER"]
[SourceTitle "EXT 2019"]
[Source "ChessBase"]
[SourceDate "2018.10.10"]
[SourceVersion "1"]
[SourceVersionDate "2018.10.10"]
[SourceQuality "1"]

1. d4 d5 2. Nf3 c6 3. Bf4 Nf6 4. e3 Bg4 5. c4 Nbd7 6. Qb3 Qb6 7. Ne5 Qxb3 8. axb3 Nxe5 9. Bxe5 e6 10. Nc3 Bf5 11. c5 Nd7 12. Bg3 e5 13. b4 exd4 14. exd4 Be7 15. f3 Bf6 16. Bf2 0-0 17. g4 Rfe8+ 18. Kd1 Be6 19. h4 g6 20. Bd3 a6 21. Ne2 Nf8 22. Kd2 Bd7 23. g5 Bg7 24. Be3 f6 25. h5 fxg5 26. hxg6 h6 27. f4 Bg4 28. fxg5 hxg5 29. Rhg1 Bxe2 30. Bxe2 Ne6 31. Rg4 Re7 32. Bd3 Rae8 33. Re1 Nxd4 34. Bf2 Nf3+ 0-1

[Event "GER-chA Seniors 28th"]
[Site "Niederhausen"]
[Date "2016.08.19"]
[Round "7"]
[White "Schlierkamp, Ferdinand"]
[Black "Achenbach, Manfred"]
[Result "1-0"]
[WhiteElo "2168"]
[BlackElo "2062"]
[PlyCount "71"]
[EventDate "2016.08.13"]
[EventType "swiss"]
[EventRounds "9"]
[EventCountry "GER"]
[SourceTitle "EXT 2019"]
[Source "ChessBase"]
[SourceDate "2018.10.10"]
[SourceVersion "1"]
[SourceVersionDate "2018.10.10"]
[SourceQuality "1"]

1. e4 c5 2. Nf3 d6 3. d4 cxd4 4. Nxd4 a6 5. Nc3 e5 6. Nf5 Nf6 7. Bc4 Bxf5 8. exf5 Qc8 9. Qd3 Be7 10. g4 h6 11. Nd5 Nxd5 12. Bxd5 Nd7 13. Qb3 0-0 14. Qxb7 Rb8 15. Qa7 Bd8 16. Qe3 Nf6 17. Bb3 Rb4 18. f3 Bb6 19. Qe2 Qc6 20. Bd2 Rxg4 21. 0-0-0 Rh4 22. Qg2 Kh7 23. Qg3 Rd4 24. Kb1 Nh5 25. Qh3 Nf4 26. Qf1 a5 27. a4 Qd7 28. c3 Rd3 29. Bc4 Rxd2 30. Rxd2 Kh8 31. Bb3 Qxf5+ 32. Ka2 Bc5 33. Qb5 Ra8 34. Qb7 Ra7 35. Qb8+ Kh7 36. Bc2 1-0

[Event "GER-chA Seniors 28th"]
[Site "Niederhausen"]
[Date "2016.08.18"]
[Round "6"]
[White "Cichy, Michael"]
[Black "Schlierkamp, Ferdinand"]
[Result "1/2-1/2"]
[WhiteElo "2033"]
[BlackElo "2168"]
[PlyCount "32"]
[EventDate "2016.08.13"]
[EventType "swiss"]
[EventRounds "9"]
[EventCountry "GER"]
[SourceTitle "EXT 2019"]
[Source "ChessBase"]
[SourceDate "2018.10.10"]
[SourceVersion "1"]
[SourceVersionDate "2018.10.10"]
[SourceQuality "1"]

1. d4 d5 2. Nf3 c6 3. c4 Nf6 4. Qc2 e6 5. Nc3 Nbd7 6. Bg5 Be7 7. e3 0-0 8. 0-0-0 dxc4 9. Bxc4 Nd5 10. h4 Re8 11. Kb1 Nf8 12. e4 Nb4 13. Qd2 b5 14. Be2 Bb7 15. Bxe7 Qxe7 16. e5 f5 1/2-1/2

[Event "NRW Verbandsklasse Group1 1314"]
[Site "Nordrheinwestfalen"]
[Date "2013.12.15"]
[Round "5.1"]
[White "Schlierkamp, Ferdinand"]
[Black "Guddat, Joern"]
[Result "1-0"]
[WhiteElo "2047"]
[BlackElo "1777"]
[PlyCount "63"]
[EventDate "2013.09.08"]
[EventType "team-tourn"]
[EventRounds "9"]
[EventCountry "GER"]
[SourceTitle "EXT 2020"]
[Source "ChessBase"]
[SourceDate "2019.10.17"]
[SourceVersion "1"]
[SourceVersionDate "2019.10.17"]
[SourceQuality "1"]
[WhiteTeam "Werne SK"]
[BlackTeam "Eichlinghofen SV II"]
[WhiteTeamCountry "GER"]
[BlackTeamCountry "GER"]

1. e4 e6 2. d4 d5 3. Nd2 dxe4 4. Nxe4 Nf6 5. Nxf6+ gxf6 6. Nf3 b6 7. Bb5+ Bd7 8. Bd3 c5 9. Be3 cxd4 10. Nxd4 Nc6 11. Be4 Rc8 12. Nb5 a6 13. Nc3 Na5 14. 0-0 Qc7 15. Qf3 f5 16. Bxf5 Bd6 17. Bd4 Bxh2+ 18. Kh1 Be5 19. Nd5 Qd6 20. Bxe5 Qxe5 21. Rfe1 Qg7 22. Nxb6 Bc6 23. Be4 Bxe4 24. Qxe4 Rc6 25. Qa4 Rg8 26. g3 Qxb2 27. Rab1 Qc3 28. Kg2 Qc5 29. Red1 Rg6 30. Nd7 Qxc2 31. Rb8+ Ke7 32. Qh4+ 1-0

[Event "NRW Verbandsklasse Group1 1314"]
[Site "Nordrheinwestfalen"]
[Date "2013.09.08"]
[Round "1.1"]
[White "Busche, Klaus"]
[Black "Schlierkamp, Ferdinand"]
[Result "1/2-1/2"]
[WhiteElo "1959"]
[BlackElo "2047"]
[PlyCount "48"]
[EventDate "2013.09.08"]
[EventType "team-tourn"]
[EventRounds "9"]
[EventCountry "GER"]
[SourceTitle "EXT 2020"]
[Source "ChessBase"]
[SourceDate "2019.10.17"]
[SourceVersion "1"]
[SourceVersionDate "2019.10.17"]
[SourceQuality "1"]
[WhiteTeam "Ahlen SV II"]
[BlackTeam "Werne SK"]
[WhiteTeamCountry "GER"]
[BlackTeamCountry "GER"]

1. Nf3 d5 2. d4 c6 3. e3 Nf6 4. c4 e6 5. Nbd2 Nbd7 6. Bd3 Bd6 7. 0-0 0-0 8. e4 dxe4 9. Nxe4 Nxe4 10. Bxe4 h6 11. Bc2 e5 12. Re1 exd4 13. Qxd4 Bc5 14. Qd3 Nf6 15. Be3 Qxd3 16. Bxd3 Bb4 17. Red1 Bg4 18. Be2 Rfe8 19. h3 Bf5 20. Nd4 Be4 21. Bd3 Bc5 22. Nc2 Bxe3 23. Nxe3 Rad8 24. Bxe4 Nxe4 1/2-1/2

[Event "Ruhrgebiet VK1 1213"]
[Site "Nordrheinwestfalen"]
[Date "2013.04.07"]
[Round "8.1"]
[White "Schlierkamp, Ferdinand"]
[Black "Heimsoth, Sven Holger"]
[Result "1/2-1/2"]
[WhiteElo "2027"]
[BlackElo "2055"]
[PlyCount "26"]
[EventDate "2012.09.02"]
[EventType "team-tourn"]
[EventRounds "9"]
[EventCountry "GER"]
[SourceTitle "EXT 2020"]
[Source "ChessBase"]
[SourceDate "2019.10.17"]
[SourceVersion "1"]
[SourceVersionDate "2019.10.17"]
[SourceQuality "1"]
[WhiteTeam "Werne SK"]
[BlackTeam "Muelheim Nord IV"]
[WhiteTeamCountry "GER"]
[BlackTeamCountry "GER"]

1. e4 e5 2. Nf3 d6 3. d4 exd4 4. Nxd4 Nf6 5. Nc3 Be7 6. g3 Nc6 7. Nxc6 bxc6 8. Bg2 Bd7 9. 0-0 0-0 10. h3 Rb8 11. b3 Ne8 12. Bb2 Bf6 13. Qd2 c5 1/2-1/2

[Event "Ruhrgebiet VK1 1213"]
[Site "Nordrheinwestfalen"]
[Date "2012.09.30"]
[Round "2.1"]
[White "Kleibaumhueter, Klaus"]
[Black "Schlierkamp, Ferdinand"]
[Result "0-1"]
[WhiteElo "2024"]
[BlackElo "2027"]
[PlyCount "72"]
[EventDate "2012.09.02"]
[EventType "team-tourn"]
[EventRounds "9"]
[EventCountry "GER"]
[SourceTitle "EXT 2020"]
[Source "ChessBase"]
[SourceDate "2019.10.17"]
[SourceVersion "1"]
[SourceVersionDate "2019.10.17"]
[SourceQuality "1"]
[WhiteTeam "Rochade Eving"]
[BlackTeam "Werne SK"]
[WhiteTeamCountry "GER"]
[BlackTeamCountry "GER"]

1. Nf3 d5 2. d4 c6 3. c4 Nf6 4. Qb3 dxc4 5. Qxc4 Bf5 6. Nc3 e6 7. Bg5 Be7 8. e3 Nbd7 9. Nh4 Bg4 10. h3 Bh5 11. g4 Qa5 12. Bxf6 Bxf6 13. b4 Qd8 14. gxh5 Bxh4 15. Ne4 Nf6 16. Nc5 Qe7 17. Bg2 Nd5 18. 0-0 0-0 19. Rab1 a6 20. Rb3 Bf6 21. f4 Rad8 22. a3 Qc7 23. Ne4 Be7 24. Kh1 Rfe8 25. Rg1 h6 26. Qe2 Kh8 27. Bf1 Bf8 28. Qg2 Qe7 29. Bd3 Nxe3 30. Qf2 Nf5 31. Bb1 Rxd4 32. Ng5 Red8 33. Ne4 Qd7 34. Kh2 Qd5 35. Bc2 Nd6 36. Nc3 Qc4 0-1

[Event "Dortmund Sparkassen op"]
[Site "Dortmund"]
[Date "2008.07.04"]
[Round "7"]
[White "Mazarov, Juergen"]
[Black "Schlierkamp, Ferdinand"]
[Result "1/2-1/2"]
[WhiteElo "2161"]
[BlackElo "2192"]
[PlyCount "37"]
[EventDate "2008.06.30"]
[EventType "swiss"]
[EventRounds "9"]
[EventCountry "GER"]
[SourceTitle "CBM 125 Extra"]
[Source "ChessBase"]
[SourceDate "2008.09.01"]
[SourceVersion "1"]
[SourceVersionDate "2008.09.01"]
[SourceQuality "1"]

1. e4 c5 2. Nf3 d6 3. d4 cxd4 4. Nxd4 Nf6 5. Nc3 a6 6. Bg5 e6 7. f4 Be7 8. Qf3 Qc7 9. 0-0-0 Nbd7 10. g4 b5 11. Bxf6 Nxf6 12. g5 Nd7 13. a3 Rb8 14. Na2 Nc5 15. h4 Bb7 16. Bd3 0-0 17. Qe2 Rfc8 18. Rhg1 a5 19. g6 1/2-1/2

[Event "Dortmund Sparkassen op"]
[Site "Dortmund"]
[Date "2008.07.01"]
[Round "2"]
[White "Schlierkamp, Ferdinand"]
[Black "Orlov, Andrey"]
[Result "0-1"]
[WhiteElo "2192"]
[BlackElo "2498"]
[PlyCount "59"]
[EventDate "2008.06.30"]
[EventType "swiss"]
[EventRounds "9"]
[EventCountry "GER"]
[SourceTitle "CBM 125 Extra"]
[Source "ChessBase"]
[SourceDate "2008.09.01"]
[SourceVersion "1"]
[SourceVersionDate "2008.09.01"]
[SourceQuality "1"]

1. e4 e5 2. f4 Bc5 3. Nf3 d6 4. c3 Nf6 5. d4 exd4 6. cxd4 Bb6 7. Nc3 Bg4 8. Bb5+ c6 9. Ba4 0-0 10. 0-0 Re8 11. Bc2 c5 12. d5 c4+ 13. Kh1 Na6 14. h3 Bxf3 15. Qxf3 Nb4 16. Bb1 Bd4 17. Ne2 Qb6 18. Rd1 Nd3 19. Bxd3 cxd3 20. Rxd3 Rxe4 21. Rxd4 Rxe2 22. Qxe2 Qxd4 23. Be3 Qe4 24. Qd2 a6 25. Rd1 Re8 26. Bf2 Qf5 27. Kg1 h5 28. a3 Re4 29. Bg3 Rc4 30. Kh2 0-1

[Event "Ruhrgebiet VL2 0708"]
[Site "Germany"]
[Date "2008.04.27"]
[Round "9.2"]
[White "Wittmann, Rainer"]
[Black "Schlierkamp, Ferdinand"]
[Result "1/2-1/2"]
[WhiteElo "2233"]
[BlackElo "2229"]
[PlyCount "26"]
[EventDate "2007.09.02"]
[EventType "team"]
[EventRounds "9"]
[EventCountry "GER"]
[SourceTitle "EXT 2009"]
[Source "ChessBase"]
[SourceDate "2008.11.26"]
[SourceVersion "1"]
[SourceVersionDate "2008.11.26"]
[SourceQuality "1"]
[WhiteTeam "Dortmund SV"]
[BlackTeam "Werne SK"]
[WhiteTeamCountry "GER"]
[BlackTeamCountry "GER"]

1. e4 c5 2. Nf3 d6 3. d4 cxd4 4. Nxd4 Nf6 5. f3 e6 6. c4 Be7 7. Nc3 0-0 8. Be3 a6 9. Qd2 Qc7 10. Be2 b6 11. 0-0 Bb7 12. Rac1 Nbd7 13. g4 Ne5 1/2-1/2

[Event "Ruhrgebiet VL2 0708"]
[Site "Germany"]
[Date "2008.03.09"]
[Round "7.2"]
[White "Laarmann, Gerd"]
[Black "Schlierkamp, Ferdinand"]
[Result "0-1"]
[WhiteElo "1953"]
[BlackElo "2229"]
[PlyCount "42"]
[EventDate "2007.09.02"]
[EventType "team"]
[EventRounds "9"]
[EventCountry "GER"]
[SourceTitle "EXT 2009"]
[Source "ChessBase"]
[SourceDate "2008.11.26"]
[SourceVersion "1"]
[SourceVersionDate "2008.11.26"]
[SourceQuality "1"]
[WhiteTeam "Rochade Steele/Kray"]
[BlackTeam "Werne SK"]
[WhiteTeamCountry "GER"]
[BlackTeamCountry "GER"]

1. d4 e6 2. Nf3 c5 3. g3 Nf6 4. Bg2 d5 5. 0-0 Nc6 6. c4 dxc4 7. Qa4 Bd7 8. Qxc4 b5 9. Qd3 c4 10. Qd1 Rc8 11. b3 Na5 12. bxc4 Nxc4 13. Nbd2 Na3 14. Bb2 Bb4 15. Qb3 Qa5 16. Rfd1 0-0 17. Ne5 Rfd8 18. Ndf3 Nc4 19. Nxc4 bxc4 20. Qc2 Ba4 21. Qb1 c3 0-1

[Event "Dortmund op-A"]
[Site "Dortmund"]
[Date "2007.06.23"]
[Round "2"]
[White "Schlierkamp, Ferdinand"]
[Black "Dippel, Olaf"]
[Result "1-0"]
[WhiteElo "2229"]
[BlackElo "1752"]
[PlyCount "45"]
[EventDate "2007.06.22"]
[EventType "swiss"]
[EventRounds "9"]
[EventCountry "GER"]
[SourceTitle "EXT 2008"]
[Source "ChessBase"]
[SourceDate "2007.11.25"]
[SourceVersion "1"]
[SourceVersionDate "2007.11.25"]
[SourceQuality "1"]

1. e4 e5 2. f4 d6 3. Nf3 exf4 4. Bc4 Nc6 5. d4 Qe7 6. 0-0 Bd7 7. Bxf4 0-0-0 8. Nc3 f6 9. Qd3 g5 10. Nd5 Qg7 11. Be3 Qg6 12. Nd2 Bg7 13. b4 Rf8 14. b5 Na5 15. Qc3 b6 16. Bb3 c6 17. bxc6 Nxc6 18. Ba4 Kb7 19. Nc4 f5 20. exf5 Rxf5 21. Rxf5 Bxf5 22. Bxc6+ Kxc6 23. Ne5+ 1-0

[Event "Dortmund op-A"]
[Site "Dortmund"]
[Date "2007.06.22"]
[Round "1"]
[White "Zeldin, Leonid"]
[Black "Schlierkamp, Ferdinand"]
[Result "1-0"]
[WhiteElo "1905"]
[BlackElo "2229"]
[PlyCount "81"]
[EventDate "2007.06.22"]
[EventType "swiss"]
[EventRounds "9"]
[EventCountry "GER"]
[SourceTitle "EXT 2008"]
[Source "ChessBase"]
[SourceDate "2007.11.25"]
[SourceVersion "1"]
[SourceVersionDate "2007.11.25"]
[SourceQuality "1"]

1. e4 c5 2. Nf3 d6 3. d4 cxd4 4. Nxd4 Nf6 5. Nc3 a6 6. Be2 e5 7. Nb3 Be6 8. 0-0 Nbd7 9. Be3 Be7 10. h3 Rc8 11. f4 0-0 12. Qe1 b5 13. a3 exf4 14. Rxf4 Re8 15. Nd4 Bc4 16. Nf5 Bf8 17. Rd1 d5 18. Bxc4 Rxc4 19. Nxd5 Nxd5 20. Rxd5 Rexe4 21. Rxe4 Rxe4 22. Qd2 Qf6 23. Rxd7 Qxf5 24. Rd8 Qe5 25. Bf2 Re2 26. Qd1 g6 27. Kf1 Rxf2+ 28. Kxf2 Qf6+ 29. Kg1 Kg7 30. b4 Be7 31. Rd3 Qe6 32. Qd2 h5 33. Qe3 Qxe3+ 34. Rxe3 Bg5 35. Rd3 Bc1 36. Kf2 Kf8 37. Kf3 Ke7 38. Ke4 Ke6 39. Kd4 Kd6 40. Kc3+ Kc6 41. Kb3 1-0

[Event "Ruhrgebiet VL1 0405"]
[Site "Ruhrgebiet"]
[Date "2005.03.13"]
[Round "8.5"]
[White "Schlierkamp, Ferdinand"]
[Black "Goralski, Christian"]
[Result "0-1"]
[WhiteElo "2084"]
[BlackElo "2040"]
[PlyCount "72"]
[EventDate "2004.09.12"]
[EventType "team"]
[EventRounds "9"]
[EventCountry "GER"]
[SourceTitle "EXT 2006"]
[Source "ChessBase"]
[SourceDate "2005.11.24"]
[SourceVersion "1"]
[SourceVersionDate "2005.11.24"]
[SourceQuality "1"]
[WhiteTeam "Werne SK"]
[BlackTeam "Bochum SV 02"]
[WhiteTeamCountry "GER"]
[BlackTeamCountry "GER"]

1. e4 d5 2. exd5 Nf6 3. d4 Bg4 4. Nf3 Qxd5 5. Be2 Nc6 6. c4 Qh5 7. Be3 0-0-0 8. Nbd2 e6 9. a3 Be7 10. b4 g5 11. b5 Nb8 12. Qa4 Bxf3 13. Nxf3 g4 14. Qxa7 gxf3 15. Bxf3 Qf5 16. Qxb7+ Kd7 17. Bc6+ Nxc6 18. Qxc6+ Kc8 19. b6 Qa5+ 20. Ke2 Qxb6 21. Qa4 Qb2+ 22. Kf3 Qb7+ 23. d5 Nd7 24. Rab1 Nb6 25. Qb5 exd5 26. c5 d4+ 27. c6 Qa8 28. Qf5+ Kb8 29. Rxb6+ cxb6 30. Bf4+ Bd6 31. Rc1 Qxa3+ 32. Kg4 Rhg8+ 33. Kh4 Ka7 34. Bxd6 Qxc1 35. Qxf7+ Ka6 36. Bf4 Qxc6 0-1

[Event "Tiefenbach op"]
[Site "Tiefenbach"]
[Date "2005.01.20"]
[Round "8"]
[White "Schlierkamp, Ferdinand"]
[Black "Klempt, Guenter"]
[Result "1-0"]
[WhiteElo "2194"]
[BlackElo "2096"]
[PlyCount "38"]
[EventDate "2005.01.??"]
[EventType "swiss"]
[EventRounds "9"]
[EventCountry "GER"]
[SourceTitle "EXT 2006"]
[Source "ChessBase"]
[SourceDate "2005.11.24"]
[SourceVersion "1"]
[SourceVersionDate "2005.11.24"]
[SourceQuality "1"]

1. d4 Nf6 2. Nf3 g6 3. Bf4 Bg7 4. Nbd2 d6 5. e4 0-0 6. h3 c5 7. dxc5 dxc5 8. c3 Nc6 9. Qc2 e6 10. Nc4 b5 11. Rd1 Bd7 12. Nce5 Nxe5 13. Nxe5 a6 14. Bg5 Qc7 15. Bxf6 Bxf6 16. Nxd7 Be7 17. Nxf8 Bxf8 18. Be2 Qf4 19. 0-0 c4 1-0

[Event "Tiefenbach op"]
[Site "Tiefenbach"]
[Date "2005.01.16"]
[Round "4"]
[White "Schlierkamp, Ferdinand"]
[Black "Wahl, Frithjof"]
[Result "1-0"]
[WhiteElo "2194"]
[BlackElo "2166"]
[PlyCount "43"]
[EventDate "2005.01.??"]
[EventType "swiss"]
[EventRounds "9"]
[EventCountry "GER"]
[SourceTitle "EXT 2006"]
[Source "ChessBase"]
[SourceDate "2005.11.24"]
[SourceVersion "1"]
[SourceVersionDate "2005.11.24"]
[SourceQuality "1"]

1. e4 e5 2. f4 exf4 3. Nf3 g5 4. Bc4 d6 5. 0-0 Bg7 6. d4 h6 7. g3 Be6 8. Bxe6 fxe6 9. gxf4 g4 10. Ne1 h5 11. Qd3 Qd7 12. c4 Na6 13. a3 0-0-0 14. Nc3 c6 15. Be3 d5 16. cxd5 exd5 17. e5 Ne7 18. f5 Bh6 19. Ng2 Bxe3+ 20. Nxe3 Rdg8 21. f6 Ng6 22. f7 1-0

[Event "Tiefenbach op"]
[Site "Tiefenbach"]
[Date "2005.01.13"]
[Round "1"]
[White "Schlierkamp, Ferdinand"]
[Black "Sakowski, Christian"]
[Result "1-0"]
[WhiteElo "2194"]
[BlackElo "1986"]
[PlyCount "67"]
[EventDate "2005.01.??"]
[EventType "swiss"]
[EventRounds "9"]
[EventCountry "GER"]
[SourceTitle "EXT 2006"]
[Source "ChessBase"]
[SourceDate "2005.11.24"]
[SourceVersion "1"]
[SourceVersionDate "2005.11.24"]
[SourceQuality "1"]

1. e4 c6 2. d4 g6 3. Nc3 Bg7 4. Bc4 d6 5. a4 Nf6 6. Bb3 0-0 7. Nf3 Bg4 8. h3 Bxf3 9. Qxf3 Nbd7 10. Be3 a5 11. 0-0 Qc7 12. Qe2 Rad8 13. f4 e6 14. Rad1 d5 15. e5 Ne8 16. Bf2 Ra8 17. Bh4 Kh8 18. Kh1 Qb6 19. Qe3 Nc7 20. g4 Rae8 21. g5 h5 22. gxh6 Bxh6 23. Bg5 Bxg5 24. fxg5 Kg7 25. Ne2 Rh8 26. Rf3 Ref8 27. Rdf1 Rh7 28. Qf2 Kg8 29. Nf4 Rg7 30. c4 Na6 31. Nxe6 fxe6 32. Rxf8+ Nxf8 33. Qxf8+ Kh7 34. Rf4 1-0

[Event "Ruhrgebiet VL1 0405"]
[Site "Ruhrgebiet"]
[Date "2004.09.12"]
[Round "1.5"]
[White "Schlierkamp, Ferdinand"]
[Black "Happel, Juergen"]
[Result "1-0"]
[WhiteElo "2084"]
[BlackElo "1823"]
[PlyCount "111"]
[EventDate "2004.09.12"]
[EventType "team"]
[EventRounds "9"]
[EventCountry "GER"]
[SourceTitle "EXT 2006"]
[Source "ChessBase"]
[SourceDate "2005.11.24"]
[SourceVersion "1"]
[SourceVersionDate "2005.11.24"]
[SourceQuality "1"]
[WhiteTeam "Werne SK"]
[BlackTeam "Hamm 45/58"]
[WhiteTeamCountry "GER"]
[BlackTeamCountry "GER"]

1. e4 c6 2. d4 d5 3. Nd2 dxe4 4. Nxe4 Nd7 5. Nf3 Ngf6 6. Nxf6+ Nxf6 7. Ne5 Be6 8. Be2 g6 9. 0-0 Bg7 10. c3 0-0 11. Re1 Rc8 12. Nd3 Bc4 13. Be3 Nd5 14. Bg5 Qc7 15. Bf3 Bxd3 16. Qxd3 Bf6 17. Bh6 Bg7 18. Qd2 Rfe8 19. Re4 Nf6 20. Rh4 Bh8 21. Bf4 Qd7 22. Be5 Bg7 23. Re1 Qf5 24. Bf4 Qd7 25. h3 Rcd8 26. b4 Nd5 27. Bh6 Bh8 28. Rhe4 Nf6 29. R4e2 Bg7 30. h4 e6 31. h5 Qe7 32. Bg5 Qf8 33. h6 Bh8 34. Qf4 Nd5 35. Qc1 Rd7 36. Bg4 Bf6 37. Bxf6 Nxf6 38. Bf3 Nd5 39. Bg4 Qd6 40. Re5 Qe7 41. g3 Qf6 42. a3 Nc7 43. Kg2 Red8 44. R1e3 Rd5 45. Rf3 Qe7 46. Qf4 Rxe5 47. Qxe5 Ne8 48. Re3 Qc7 49. Qc5 a6 50. Rxe6 Nd6 51. Qe5 fxe6 52. Bxe6+ Kf8 53. Qh8+ Ke7 54. Qxh7+ Nf7 55. Qxf7+ Kd6 56. Qf4+ 1-0